| 000 | 00938nam a2200193 i 4500 | ||
|---|---|---|---|
| 001 | 158803 | ||
| 003 | ES-MaACL | ||
| 005 | 20230906211325.0 | ||
| 008 | 040906s1869 xxu |||| | spa d | ||
| 100 | 1 |
_aMárquez, Leonardo. _9130346 |
|
| 245 | 1 | 0 |
_aRefutación hecha por el general de división Leonardo Márquez al libelo del general de brigada Don Manuel Ramírez de Arellano _b: publicado en París el 30 de diciembre de 1868, bajo el epígrafe de "Últimas horas del Imperio". |
| 260 |
_aNueva York : _b[s.n.], _c1869. |
||
| 300 |
_a223 p. ; _c21 cm. |
||
| 530 | _aDisponible en formato digital. | ||
| 651 | 4 |
_aMéxico- _xHistoria- _y1861-1867, Intervención europea. _9146885 |
|
| 700 | 1 |
_aRamírez de Arellano, Manuel. _9131589 |
|
| 852 |
_aES-MaACL _jT-191-F-3 _z- Enc. hol. _q- Falto de cub. original _z- Enc. en un vol. facticio |
||
| 856 |
_uhttp://bdh-rd.bne.es/viewer.vm?id=0000061110&page=1 _zBiblioteca Digital Hispánica |
||
| 999 |
_c158803 _d158803 |
||